[Event "ÕÕÕII Nezhmetdinov Memorial"]
[Site "?"]
[Date "2010.06.06"]
[Round "7.20"]
[White "Khazieva, Elza"]
[Black "Bezgodova, Maria"]
[Result "1-0"]
[WhiteElo "1796"]
[BlackElo "2193"]
[PlyCount "93"]
[EventDate "2010.06.01"]
[SourceDate "2010.06.06"]

1. e4 e5 2. Nf3 Nc6 3. Bc4 Bc5 4. c3 Nf6 5. d4 exd4 6. e5 d5 7. Bb5 Ne4 8. cxd4
Bb4+ 9. Bd2 Nxd2 10. Nbxd2 O-O 11. O-O Ne7 12. Bd3 Bf5 13. Nb3 Bxd3 14. Qxd3
Nc6 15. Rac1 Be7 16. Nc5 Bxc5 17. Rxc5 Ne7 18. Ng5 Ng6 19. f4 c6 20. Qg3 h6 21.
Nf3 Qd7 22. Ne1 Qf5 23. Nc2 Ne7 24. Rc3 f6 25. Ne3 Qg6 26. Qxg6 Nxg6 27. Nf5
Rad8 28. Rg3 fxe5 29. fxe5 Kh7 30. h4 h5 31. Rg5 Rf7 32. Rxh5+ Kg8 33. Rg5 Kh7
34. h5 Ne7 35. Rf3 Nxf5 36. Rgxf5 Rxf5 37. Rxf5 Kg8 38. Kf2 b6 39. Ke3 c5 40.
Kd3 Re8 41. g4 a6 42. g5 a5 43. g6 Rf8 44. Rxf8+ Kxf8 45. e6 a4 46. a3 Ke7 47.
h6 1-0

[Event "ÕÕÕII Nezhmetdinov Memorial"]
[Site "?"]
[Date "2010.06.06"]
[Round "7.22"]
[White "Makhmutov, Rail"]
[Black "Mikheev, Stanislav"]
[Result "1/2-1/2"]
[WhiteElo "2108"]
[BlackElo "2310"]
[PlyCount "141"]
[EventDate "2010.06.01"]
[SourceDate "2010.06.06"]

1. e4 c5 2. Nf3 d6 3. c3 Nf6 4. Be2 g6 5. O-O Bg7 6. Re1 O-O 7. Bf1 e5 8. a4
Nc6 9. Na3 Re8 10. Nc4 Nxe4 11. Rxe4 d5 12. Re3 e4 13. Na3 exf3 14. Rxe8+ Qxe8
15. Qxf3 d4 16. Nc4 Ne5 17. Nxe5 Qxe5 18. cxd4 Qxd4 19. Ra3 Qg4 20. Be2 Qxf3
21. Bxf3 Be6 22. Kf1 Bc4+ 23. d3 Ba6 24. Ke2 Rd8 25. a5 c4 26. dxc4 Bxc4+ 27.
Ke1 Bf8 28. Ra4 Bb5 29. Bg5 f6 30. Bxf6 Rd6 31. Rf4 Bh6 32. Be5 Bxf4 33. Bxf4
Re6+ 34. Kd2 Bc6 35. Bxc6 Rxc6 36. Be3 a6 37. Kd3 Kf7 38. Kd4 Ke6 39. b4 Rc2
40. h4 Kd6 41. Kd3 Ra2 42. Kd4 Re2 43. g3 Kc6 44. Kc4 Re1 45. Bc5 Re4+ 46. Bd4
Rg4 47. Kc3 Kd5 48. Bc5 Rc4+ 49. Kd3 Rc1 50. Bb6 Rb1 51. Kc3 Ra1 52. Kb2 Re1
53. Kc3 Re4 54. Bc5 Re5 55. Kd3 Rf5 56. Be3 Rf3 57. Kc3 h6 58. Kd2 Ke4 59. Ke2
h5 60. Kd2 Rf7 61. Kc3 Rc7+ 62. Bc5 Kf3 63. Kc4 Ke4 64. Kc3 Kf5 65. Kc4 g5 66.
hxg5 Kxg5 67. b5 Kf5 68. bxa6 bxa6 69. Kd5 Rc8 70. Bb6 Rc2 71. Bc5 1/2-1/2

[Event "ÕÕÕII Nezhmetdinov Memorial"]
[Site "?"]
[Date "2010.06.06"]
[Round "7.23"]
[White "Zlachevskiy, Leonid"]
[Black "Vasenev, Sergey"]
[Result "1-0"]
[WhiteElo "2111"]
[BlackElo "2284"]
[Annotator ",000"]
[PlyCount "50"]
[EventDate "2010.06.01"]
[SourceDate "2010.06.06"]

1. e4 c5 2. Nc3 g6 3. Nge2 Nc6 4. d4 cxd4 5. Nxd4 Bg7 6. Be3 Nf6 7. Bc4 O-O 8.
Bb3 Ng4 9. Qxg4 Nxd4 10. Qh4 d6 11. O-O Bd7 12. Bg5 Rc8 13. Nd5 Nc6 14. c3 Be6
15. Rad1 Qd7 16. f4 f6 17. Bh6 Na5 18. e5 Nxb3 19. axb3 Bxd5 20. Rxd5 Qe6 21.
Rfd1 g5 22. Qh5 fxe5 23. Bxg7 Kxg7 24. fxe5 h6 25. h4 gxh4 {äàëåå íåðàçáîð~~èâî
} 1-0

[Event "ÕÕÕII Nezhmetdinov Memorial"]
[Site "?"]
[Date "2010.06.06"]
[Round "7.24"]
[White "Talov, Nikita"]
[Black "Ospennikov, Dmitry V"]
[Result "0-1"]
[WhiteElo "2087"]
[BlackElo "2243"]
[PlyCount "104"]
[EventDate "2010.06.01"]
[SourceDate "2010.06.06"]

1. e4 e5 2. Nf3 Nc6 3. Bb5 a6 4. Ba4 Nf6 5. O-O Be7 6. Re1 b5 7. Bb3 d6 8. c3
O-O 9. h3 Bb7 10. d4 Re8 11. Ng5 Rf8 12. Nf3 h6 13. Nbd2 Re8 14. Nf1 Bf8 15.
Ng3 g6 16. Nh2 Bg7 17. h4 h5 18. Bg5 Qd7 19. Qd2 Na5 20. Bc2 Nc4 21. Qc1 Nh7
22. b3 Nxg5 23. Qxg5 Nb6 24. Rad1 Qe7 25. Qxe7 Rxe7 26. d5 Rd8 27. Bd3 c6 28.
c4 cxd5 29. cxd5 Bh6 30. Ne2 Rf8 31. Ng3 Rc7 32. Nhf1 Bg7 33. Nh2 Nd7 34. Nf3
f6 35. Rc1 Rfc8 36. Rxc7 Rxc7 37. Ne2 Bh6 38. Rd1 Nc5 39. Bb1 b4 40. Nd2 a5 41.
f4 Ba6 42. Kf2 a4 43. fxe5 fxe5 44. Nc4 Bxc4 45. bxc4 Nd7 46. Bd3 Nc5 47. Bb1
Rf7+ 48. Kg3 Be3 49. Nc1 Bf4+ 50. Kh3 Bxc1 51. Rxc1 Rf2 52. Kg3 Rb2 0-1

[Event "ÕÕÕII Nezhmetdinov Memorial"]
[Site "?"]
[Date "2010.06.06"]
[Round "7.25"]
[White "Talipov, Nafis"]
[Black "Mokshanov, Alexey"]
[Result "0-1"]
[WhiteElo "2050"]
[BlackElo "2227"]
[PlyCount "74"]
[EventDate "2010.06.01"]
[SourceDate "2010.06.06"]

1. d4 d5 2. c4 e6 3. Nc3 c6 4. cxd5 exd5 5. Bf4 Bf5 6. e3 Nf6 7. Bd3 Bxd3 8.
Qxd3 Be7 9. Nge2 O-O 10. O-O Bd6 11. Rfe1 Re8 12. Bxd6 Qxd6 13. Ng3 Nbd7 14.
Rad1 g6 15. f3 Rad8 16. a3 h5 17. b4 h4 18. Nf1 Nh5 19. e4 dxe4 20. fxe4 a5 21.
Qb1 axb4 22. axb4 Nf4 23. e5 Qe6 24. Ne3 f5 25. exf6 Nxf6 26. Ned5 Qd6 27.
Rxe8+ Rxe8 28. Nxf4 Qxf4 29. Qxg6+ Kh8 30. g3 Qe3+ 31. Kg2 Nh7 32. Qh5 h3+ 33.
Kxh3 Re6 34. Qg4 Qxc3 35. Rf1 Qd2 36. Qf4 Ng5+ 37. Kg4 Re4 0-1

[Event "ÕÕÕII Nezhmetdinov Memorial"]
[Site "?"]
[Date "2010.06.06"]
[Round "7.27"]
[White "Fedoseev, Vladimir"]
[Black "Shkuro, Alexandr"]
[Result "1/2-1/2"]
[WhiteElo "2183"]
[BlackElo "2071"]
[PlyCount "134"]
[EventDate "2010.06.01"]
[SourceDate "2010.06.07"]

1. e4 e6 2. d4 d5 3. Nc3 Bb4 4. Bd3 c5 5. exd5 Qxd5 6. Bd2 Bxc3 7. Bxc3 Qxg2 8.
Qf3 Qxf3 9. Nxf3 cxd4 10. Nxd4 Nf6 11. Rg1 O-O 12. Nb5 Nbd7 13. Nd6 g6 14.
O-O-O Nd5 15. Bd2 Ne5 16. Be4 Rd8 17. Nxc8 Raxc8 18. Kb1 f5 19. Bg2 Ng4 20. Bg5
Rd7 21. f3 Ne5 22. Rge1 Nf7 23. Bc1 e5 24. Bf1 Rcd8 25. Rd3 Kg7 26. b3 f4 27.
Bh3 Rd6 28. Ba3 Rc6 29. Bb2 Kf6 30. Re4 Nc3+ 31. Bxc3 Rxd3 32. cxd3 Rxc3 33.
Bf1 Ng5 34. Rb4 Nxf3 35. Rxb7 Nxh2 36. Kb2 Rc6 37. Bh3 h5 38. Rxa7 g5 39. Bd7
Rd6 40. b4 g4 41. b5 g3 42. Bh3 f3 43. Ra6 Ke7 44. b6 g2 45. b7 g1=Q 46. Rxd6
Qa7 47. Rd7+ Kf6 48. a4 f2 49. a5 f1=Q 50. Bxf1 Nxf1 51. Rd6+ Kf5 52. Rb6 Qb8
53. a6 h4 54. a7 Qxa7 55. b8=Q Qxb8 56. Rxb8 Ne3 57. Kc3 h3 58. Kd2 Ng2 59. Ke2
Nf4+ 60. Ke3 Kg4 61. Rg8+ Kh4 62. Rh8+ Kg3 63. Ra8 Kh4 64. Kf3 Nxd3 65. Rh8+
Kg5 66. Rxh3 Kf5 67. Rh8 Nc5 1/2-1/2

[Event "ÕÕÕII Nezhmetdinov Memorial"]
[Site "?"]
[Date "2010.06.06"]
[Round "7.27"]
[White "Kamov, Igor"]
[Black "Zaynutdinov, Iskander"]
[Result "1-0"]
[WhiteElo "2179"]
[BlackElo "1986"]
[PlyCount "161"]
[EventDate "2010.06.01"]
[SourceDate "2010.06.07"]

1. Nf3 Nf6 2. b3 e6 3. Bb2 d5 4. e3 c5 5. Ne5 Nbd7 6. Bb5 Be7 7. O-O O-O 8.
Bxd7 Nxd7 9. Nxd7 Bxd7 10. f4 b5 11. Nc3 Bf6 12. Qf3 a5 13. Rae1 a4 14. Ba1
axb3 15. axb3 b4 16. Ne2 Ra2 17. Bxf6 Qxf6 18. Rc1 Rb2 19. g4 Ra8 20. Ng3 Raa2
21. Qd1 Bb5 22. Rf2 h6 23. d3 Qd8 24. Qf1 Qc8 25. g5 h5 26. Nxh5 Qa6 27. Rd2
Rxb3 28. f5 exf5 29. Qxf5 Qe6 30. Qf3 Rba3 31. Nf4 Qe5 32. Rf1 Ra1 33. Rdf2
Rxf1+ 34. Rxf1 Bc6 35. h4 c4 36. g6 f6 37. Qh3 Ra8 38. d4 Qe4 39. Ng2 Re8 40.
Qg3 Bd7 41. Rf2 Ba4 42. Qc7 Qe7 43. Qa5 Bc6 44. Qa1 Qe4 45. Qa6 Bd7 46. Qd6 Bh3
47. Nf4 Qxe3 48. Qxd5+ Be6 49. Qh5 Qg3+ 50. Ng2 Re7 51. d5 Qe5 52. Qh7+ Kf8 53.
dxe6 Qxe6 54. Re2 Qb6+ 55. Kf1 Rxe2 56. Qh8+ Ke7 57. Qxg7+ Kd8 58. Kxe2 Qe6+
59. Ne3 b3 60. Qf8+ Kd7 61. cxb3 cxb3 62. g7 b2 63. Qb4 Qa2 64. Qd2+ Ke8 65.
g8=Q+ Qxg8 66. Qxb2 Qe6 67. Qb5+ Kf8 68. Qf5 Qa2+ 69. Kf3 Qa6 70. Kg4 Kg7 71.
Qd5 Qa7 72. Nf5+ Kh7 73. Qe4 Qg1+ 74. Ng3+ Kh6 75. Qf4+ Kg7 76. Kh5 Qc5+ 77.
Nf5+ Kf7 78. Qe4 Kf8 79. Qe6 Qe5 80. Qxe5 fxe5 81. Kg6 1-0

[Event "ÕÕÕII Nezhmetdinov Memorial"]
[Site "?"]
[Date "2010.06.06"]
[Round "7.28"]
[White "Belova, Olga"]
[Black "Vasilov, Artur"]
[Result "0-1"]
[WhiteElo "1930"]
[BlackElo "2165"]
[PlyCount "104"]
[EventDate "2010.06.01"]
[SourceDate "2010.06.07"]

1. e4 c6 2. d4 g6 3. Nc3 Bg7 4. Be3 d5 5. e5 h5 6. Bd3 Nh6 7. Nf3 Bg4 8. h3
Bxf3 9. Qxf3 e6 10. g4 Ng8 11. Ne2 h4 12. Qg2 Nd7 13. f4 Qb6 14. O-O-O O-O-O
15. Bf2 c5 16. dxc5 Nxc5 17. Qg1 Bf8 18. Qe1 Kb8 19. Bxh4 Na4 20. b3 Ba3+ 21.
Kb1 Rc8 22. Bf2 Nc5 23. Qg1 Ne7 24. c3 a6 25. Bc2 Qc7 26. Bd4 Nd7 27. h4 Nc6
28. Be3 Nb4 29. Rd2 Nxc2 30. Rxc2 Bc5 31. Bxc5 Nxc5 32. Ng3 Qa5 33. Qd4 Rc6 34.
h5 gxh5 35. Rxh5 Rhc8 36. Ne2 Ne4 37. Kb2 b5 38. a3 Qc7 39. Rh7 Qb7 40. f5 R8c7
41. Rh3 a5 42. Rc1 Qa6 43. Rd3 Nc5 44. f6 b4 45. Re3 a4 46. bxa4 bxc3+ 47. Ka2
Nxa4 48. Rb1+ Ka8 49. Rb4 Rc4 50. Rxc4 Rxc4 51. Qd3 Qb6 52. Qc2 Qxe3 0-1

[Event "ÕÕÕII Nezhmetdinov Memorial"]
[Site "?"]
[Date "2010.06.06"]
[Round "7.29"]
[White "Sannikov, Grigory"]
[Black "Vafin, Ayrat"]
[Result "1/2-1/2"]
[WhiteElo "2059"]
[BlackElo "2113"]
[PlyCount "80"]
[EventDate "2010.06.01"]
[SourceDate "2010.06.07"]

1. a3 d5 2. Nf3 Nf6 3. d4 Bg4 4. Ne5 Bf5 5. c4 e6 6. Nc3 c6 7. e3 Nbd7 8. Nxd7
Qxd7 9. c5 Be7 10. Be2 O-O 11. O-O Ne4 12. Bd2 f6 13. f3 Nxd2 14. Qxd2 e5 15.
b4 a6 16. Ra2 Be6 17. Rb2 Bd8 18. Kh1 Bc7 19. a4 Qf7 20. b5 axb5 21. axb5 Ba5
22. Qc2 exd4 23. exd4 Bf5 24. Qb3 Rfe8 25. Nd1 Bc7 26. b6 Bb8 27. g4 Bg6 28.
Ne3 f5 29. Ng2 Qf6 30. Rd2 fxg4 31. fxg4 Rxe2 32. Rxf6 Rxd2 33. Re6 Ra1+ 34.
Ne1 Rdd1 35. Kg2 Rdb1 36. Qe3 Be4+ 37. Rxe4 dxe4 38. Nc2 Rg1+ 39. Qxg1 Rxg1+
40. Kxg1 Bf4 1/2-1/2

[Event "ÕÕÕII Nezhmetdinov Memorial"]
[Site "?"]
[Date "2010.06.06"]
[Round "7.30"]
[White "Safin, Ravgat"]
[Black "Baraeva, Marina"]
[Result "0-1"]
[WhiteElo "2000"]
[BlackElo "2102"]
[PlyCount "102"]
[EventDate "2010.06.01"]
[SourceDate "2010.06.07"]

1. Nf3 d5 2. c4 c6 3. b3 Nf6 4. Bb2 Bg4 5. d3 e6 6. Ne5 Bh5 7. Nd2 Bd6 8. h3
Nbd7 9. f4 Nxe5 10. fxe5 Nd7 11. Nf3 Bb4+ 12. Kf2 Nb6 13. a3 Be7 14. g3 c5 15.
g4 Bg6 16. Bg2 h5 17. Qd2 O-O 18. g5 h4 19. Bc1 dxc4 20. bxc4 Bh5 21. Qf4 Bxf3
22. Bxf3 Qc7 23. Rb1 Rad8 24. Be3 g6 25. Rhg1 Kg7 26. Rb3 Rh8 27. a4 Rb8 28.
Rgb1 Rh7 29. a5 Nc8 30. Rxb7 Rxb7 31. Rxb7 Qxa5 32. Rd7 Kf8 33. Rb7 Qd8 34. Rb8
Qc7 35. Ra8 Kg7 36. Qh2 Nb6 37. Re8 Rh8 38. Rxh8 Kxh8 39. Qf4 Kg8 40. Be4 a5
41. Qxh4 Qxe5 42. Bf4 Qd4+ 43. Kf3 a4 44. Qg3 Nd7 45. Bc6 a3 46. Bxd7 Qxd7 47.
Be5 Bf8 48. Qf4 Bg7 49. Bxg7 Kxg7 50. Qe5+ Kh7 51. Qxc5 a2 0-1

[Event "ÕÕÕII Nezhmetdinov Memorial"]
[Site "?"]
[Date "2010.06.06"]
[Round "7.31"]
[White "Hamidullin, Aydar"]
[Black "Yarullina, Alina"]
[Result "1/2-1/2"]
[WhiteElo "2188"]
[BlackElo "2048"]
[PlyCount "29"]
[EventDate "2010.06.01"]
[SourceDate "2010.06.07"]

1. e4 c5 2. c3 d5 3. exd5 Qxd5 4. Nf3 g6 5. Na3 Bg7 6. Qb3 Qe4+ 7. Be2 Be6 8.
Qb5+ Qc6 9. Ng5 Bd5 10. Qxc6+ Bxc6 11. f3 Nf6 12. Nb5 Na6 13. d4 h6 14. Nh3 O-O
15. dxc5 1/2-1/2

[Event "ÕÕÕII Nezhmetdinov Memorial"]
[Site "?"]
[Date "2010.06.06"]
[Round "7.32"]
[White "Terentyev, Vitaly"]
[Black "Abdullin, Renat"]
[Result "1/2-1/2"]
[WhiteElo "2000"]
[BlackElo "2135"]
[PlyCount "24"]
[EventDate "2010.06.01"]
[SourceDate "2010.06.07"]

1. d4 Nf6 2. c4 e6 3. Nc3 d5 4. cxd5 Nxd5 5. e4 Nxc3 6. bxc3 c5 7. Nf3 cxd4 8.
cxd4 Bb4+ 9. Bd2 Bxd2+ 10. Qxd2 O-O 11. Be2 b6 12. O-O Bb7 1/2-1/2

[Event "ÕÕÕII Nezhmetdinov Memorial"]
[Site "?"]
[Date "2010.06.06"]
[Round "7.33"]
[White "Ivanov, Stepan"]
[Black "Khairullin, Adel"]
[Result "1/2-1/2"]
[WhiteElo "2099"]
[BlackElo "1916"]
[PlyCount "91"]
[EventDate "2010.06.01"]
[SourceDate "2010.06.07"]

1. d4 d5 2. c4 e6 3. Nf3 c6 4. Nc3 f5 5. e3 Nf6 6. Ne5 Bd6 7. f4 O-O 8. Be2
Nbd7 9. O-O Ne4 10. Bd2 Ndf6 11. Be1 Nxc3 12. bxc3 Ne4 13. Rb1 Bxe5 14. dxe5 b6
15. cxd5 cxd5 16. c4 Ba6 17. Qa4 Qc8 18. Rc1 b5 19. Qa3 bxc4 20. Bb4 Re8 21.
Rb1 Qc6 22. Rfc1 Rab8 23. Bf3 Rb7 24. Bxe4 fxe4 25. Rb2 Reb8 26. Rcb1 h6 27.
Bc5 Kh7 28. Rxb7 Rxb7 29. Rxb7 Qxb7 30. Qb4 c3 31. Qxb7 Bxb7 32. Bb4 c2 33. Ba3
Ba6 34. Bc1 Bc4 35. a3 g5 36. Kf2 Kg6 37. Kg3 h5 38. Kf2 h4 39. Bb2 Kf7 40. g3
h3 41. Bc1 Ke7 42. Ke1 Bd3 43. Kd2 Kd7 44. Bb2 Kc6 45. Kc3 Kb5 46. Bc1 1/2-1/2

[Event "ÕÕÕII Nezhmetdinov Memorial"]
[Site "?"]
[Date "2010.06.06"]
[Round "7.34"]
[White "Malin, Denis"]
[Black "Faizrakhmanov, Ramil"]
[Result "0-1"]
[WhiteElo "2068"]
[BlackElo "1957"]
[PlyCount "76"]
[EventDate "2010.06.01"]
[SourceDate "2010.06.07"]

1. d4 Nf6 2. c4 e6 3. Nc3 Bb4 4. f3 c5 5. d5 Bxc3+ 6. bxc3 d6 7. e4 e5 8. Bd3
Nbd7 9. Ne2 b6 10. O-O Bb7 11. Ng3 g6 12. f4 h6 13. a4 a5 14. Qf3 Qe7 15. Rb1
O-O-O 16. fxe5 dxe5 17. Be3 Qd6 18. Rf2 Kc7 19. Rfb2 Ba6 20. Ne2 Qe7 21. h3 Ne8
22. Qf2 Rb8 23. Nd4 cxd4 24. cxd4 Qf6 25. Qg3 Nd6 26. Rf2 Qe7 27. c5 bxc5 28.
Rxb8 Rxb8 29. Bxa6 Nxe4 30. d6+ Qxd6 31. Qf3 Nxf2 32. Bb5 cxd4 33. Bxf2 f5 34.
Be1 e4 35. Bxa5+ Nb6 36. Qb3 Rd8 37. Be1 d3 38. a5 Nd7 0-1

[Event "ÕÕÕII Nezhmetdinov Memorial"]
[Site "?"]
[Date "2010.06.06"]
[Round "7.35"]
[White "Beliaev, Vasily"]
[Black "Zakharov, Kirill"]
[Result "1/2-1/2"]
[WhiteElo "2064"]
[BlackElo "1911"]
[PlyCount "40"]
[EventDate "2010.06.01"]
[SourceDate "2010.06.07"]

1. e4 c5 2. f4 d5 3. exd5 Qxd5 4. Nc3 Qd8 5. Nf3 Bg4 6. Bc4 e6 7. h3 Bxf3 8.
Qxf3 Nc6 9. d3 Be7 10. O-O Nh6 11. g4 Qd7 12. f5 Nd4 13. Qe4 exf5 14. gxf5
Nhxf5 15. Bf4 O-O 16. Nd5 Rae8 17. Be5 Ng3 18. Bxg3 Bd6 19. Bxd6 Rxe4 20. Bxf8
Qxh3 1/2-1/2

[Event "ÕÕÕII Nezhmetdinov Memorial"]
[Site "?"]
[Date "2010.06.06"]
[Round "7.36"]
[White "Faizrakhmanov, Ilmir"]
[Black "Riazanov, Alexey"]
[Result "1/2-1/2"]
[WhiteElo "1912"]
[BlackElo "2114"]
[PlyCount "47"]
[EventDate "2010.06.01"]
[SourceDate "2010.06.07"]

1. e4 e6 2. d4 d5 3. exd5 exd5 4. Bd3 Bd6 5. Ne2 Nf6 6. Bf4 O-O 7. O-O Bg4 8.
Bxd6 Qxd6 9. h3 Bh5 10. Qd2 Bg6 11. Bxg6 hxg6 12. Ng3 Nbd7 13. c3 Rfe8 14. Na3
c6 15. Nc2 Ne4 16. Nxe4 Rxe4 17. Rae1 Rae8 18. Rxe4 Rxe4 19. Re1 Qe7 20. Re3
Nf6 21. f3 Rxe3 22. Qxe3 Qxe3+ 23. Nxe3 Kf8 24. Kf2 1/2-1/2

[Event "ÕÕÕII Nezhmetdinov Memorial"]
[Site "?"]
[Date "2010.06.06"]
[Round "7.37"]
[White "Emelianov, Fedor"]
[Black "Bibilashvili, Anna"]
[Result "1/2-1/2"]
[WhiteElo "2165"]
[BlackElo "1920"]
[PlyCount "36"]
[EventDate "2010.06.01"]
[SourceDate "2010.06.07"]

1. Nf3 d5 2. c4 c6 3. d4 Nf6 4. Nc3 Bf5 5. e3 e6 6. Ne5 Nbd7 7. f4 Bb4 8. Qb3
Bxc3+ 9. bxc3 Rb8 10. Ba3 Ne4 11. g3 Ndf6 12. Be2 h5 13. Rc1 Ng4 14. cxd5 Nxe3
15. dxc6 Ng2+ 16. Kd1 Ne3+ 17. Ke1 Ng2+ 18. Kd1 Ne3+ 1/2-1/2

[Event "ÕÕÕII Nezhmetdinov Memorial"]
[Site "?"]
[Date "2010.06.06"]
[Round "7.38"]
[White "Volkov, Ilya"]
[Black "Agafonov, Anton V."]
[Result "1-0"]
[WhiteElo "1919"]
[BlackElo "2056"]
[PlyCount "81"]
[EventDate "2010.06.01"]
[SourceDate "2010.06.07"]

1. d4 d5 2. c4 Nc6 3. Nf3 e5 4. dxe5 d4 5. g3 Bg4 6. Bg2 Qe7 7. Bg5 Qb4+ 8.
Nbd2 h6 9. Bf4 Bxf3 10. a3 Qb6 11. Nxf3 g5 12. Bc1 g4 13. Nh4 Nxe5 14. Qc2 Be7
15. Nf5 O-O-O 16. Nxe7+ Nxe7 17. O-O f6 18. b4 h5 19. c5 Qe6 20. b5 h4 21. Qe4
Rd5 22. b6 a6 23. bxc7 f5 24. Qc2 d3 25. Qb2 dxe2 26. Qxe2 hxg3 27. hxg3 N7c6
28. Bb2 Rxc5 29. Rac1 Qd6 30. Rxc5 Qxc5 31. Rc1 Nd4 32. Rxc5 Nxe2+ 33. Kf1 Nd3
34. Bxh8 Nxg3+ 35. fxg3 Nxc5 36. Be5 Ne6 37. Bd5 Nc5 38. Bd6 b6 39. Bxc5 bxc5
40. Be6+ Kxc7 41. Bxf5 1-0

[Event "ÕÕÕII Nezhmetdinov Memorial"]
[Site "?"]
[Date "2010.06.06"]
[Round "7.39"]
[White "Glukhov, Alexander"]
[Black "Galimzianova, Aliya"]
[Result "1-0"]
[WhiteElo "2034"]
[BlackElo "1908"]
[PlyCount "71"]
[EventDate "2010.06.01"]
[SourceDate "2010.06.07"]

1. e4 e6 2. d4 d5 3. Nd2 Nf6 4. e5 Nfd7 5. Bd3 c5 6. c3 Nc6 7. Ne2 cxd4 8. cxd4
f6 9. Nf4 Nxd4 10. Qh5+ Ke7 11. exf6+ Nxf6 12. Ng6+ hxg6 13. Qxh8 Kf7 14. Qh4
e5 15. Nf3 Nxf3+ 16. gxf3 Bf5 17. Bxf5 gxf5 18. Bg5 Qa5+ 19. Kf1 g6 20. Qh8
Qa6+ 21. Kg2 Re8 22. Rac1 Qb6 23. Bxf6 Qxf6 24. Rc7+ Re7 25. Qxf6+ Kxf6 26.
Rhc1 e4 27. Rxe7 Bxe7 28. Rc7 d4 29. Rxb7 Bc5 30. b4 Bb6 31. fxe4 fxe4 32. a4
d3 33. Kf1 Ke5 34. a5 Bd4 35. b5 Kd6 36. a6 1-0

[Event "ÕÕÕII Nezhmetdinov Memorial"]
[Site "?"]
[Date "2010.06.06"]
[Round "7.40"]
[White "Ivanov, Nikolay A."]
[Black "Semenova, Anastasia"]
[Result "0-1"]
[WhiteElo "1977"]
[BlackElo "1898"]
[PlyCount "66"]
[EventDate "2010.06.01"]
[SourceDate "2010.06.07"]

1. c4 Nf6 2. Nc3 e6 3. Nf3 d5 4. d4 c6 5. cxd5 exd5 6. Bg5 Bf5 7. e3 Nbd7 8.
Bd3 Bxd3 9. Qxd3 Bd6 10. O-O O-O 11. a3 a5 12. b3 Qb8 13. Bh4 Re8 14. Bg3 Bxg3
15. hxg3 Ne4 16. b4 Qd6 17. b5 Nxc3 18. Qxc3 cxb5 19. Rab1 Rec8 20. Qb3 b4 21.
axb4 a4 22. Qd3 Rc4 23. b5 Rac8 24. Ra1 Rc3 25. Qd1 a3 26. Qa4 Nb6 27. Qa5 Rb3
28. Ne5 Ra8 29. Qd2 Rb2 30. Qd3 f6 31. Nf3 a2 32. Qc3 Nc4 33. Nd2 Rxd2 0-1

[Event "ÕÕÕII Nezhmetdinov Memorial"]
[Site "?"]
[Date "2010.06.06"]
[Round "7.42"]
[White "Iskhakov, Artur"]
[Black "Ibraev, Vasilij"]
[Result "0-1"]
[WhiteElo "1815"]
[BlackElo "2258"]
[PlyCount "86"]
[EventDate "2010.06.01"]
[SourceDate "2010.06.07"]

1. e4 g6 2. d4 Bg7 3. c3 d6 4. Bd3 Nf6 5. Ne2 O-O 6. O-O c5 7. f4 cxd4 8. cxd4
Nc6 9. Nd2 Bg4 10. Nf3 Qb6 11. Kh1 Bxf3 12. gxf3 Nd7 13. d5 Nb4 14. Nc3 Rfc8
15. Bb5 Nf6 16. Be2 Nd7 17. Bd2 a5 18. a3 Na6 19. Na4 Qd8 20. Bc3 Bxc3 21. Nxc3
Qb6 22. Bb5 Nf6 23. Qe2 Nh5 24. Bxa6 Rxa6 25. Qd2 Raa8 26. f5 Rc4 27. fxg6 fxg6
28. f4 Qd4 29. Rad1 Qxd2 30. Rxd2 Rf8 31. Rdf2 Kg7 32. f5 Rf6 33. Rg1 Kf7 34.
fxg6+ hxg6 35. Rxf6+ Nxf6 36. Re1 Ng4 37. Kg2 Rd4 38. Re2 Rd3 39. h3 Ne5 40.
Na2 Kf6 41. Nc1 Rd1 42. Na2 Nd3 43. Kf3 Rh1 0-1

[Event "ÕÕÕII Nezhmetdinov Memorial"]
[Site "?"]
[Date "2010.06.06"]
[Round "7.43"]
[White "Fedotov, Ivan"]
[Black "Ryskanov, Ildar"]
[Result "0-1"]
[WhiteElo "2078"]
[BlackElo "1976"]
[PlyCount "33"]
[EventDate "2010.06.01"]
[SourceDate "2010.06.07"]

1. e4 e5 2. Nf3 Nc6 3. d4 exd4 4. c3 dxc3 5. Bc4 d6 6. Ng5 Ne5 7. Qd5 Qf6 8.
bxc3 Ne7 9. Qd4 h6 10. Nf3 Nxf3+ 11. gxf3 Qxf3 12. Rg1 Be6 13. Bxe6 fxe6 14.
Nd2 Qh5 15. Rb1 Qxh2 16. f4 Qh4+ 17. Kd1 0-1

[Event "ÕÕÕII Nezhmetdinov Memorial"]
[Site "?"]
[Date "2010.06.06"]
[Round "7.44"]
[White "Artemjev, Nikolay"]
[Black "Garifullin, Ildar"]
[Result "0-1"]
[WhiteElo "2033"]
[BlackElo "1847"]
[PlyCount "64"]
[EventDate "2010.06.01"]
[SourceDate "2010.06.07"]

1. d4 d5 2. c4 e6 3. Nc3 Nf6 4. a3 Be7 5. Bf4 c6 6. e3 O-O 7. Nf3 Nbd7 8. Bd3
a6 9. h4 dxc4 10. Bxc4 b5 11. Bd3 c5 12. Be5 cxd4 13. exd4 Nd5 14. Nxd5 exd5
15. Bxh7+ Kxh7 16. Ng5+ Kg6 17. Qd3+ f5 18. Qg3 Bxg5 19. f4 Nxe5 20. dxe5 Be6
21. fxg5 Rh8 22. Kd2 Kf7 23. g6+ Ke7 24. Rac1 Qb6 25. Qf4 Rac8 26. g4 fxg4 27.
h5 Rhf8 28. Qg5+ Kd7 29. Rxc8 Qf2+ 30. Kc1 Rxc8+ 31. Kb1 Qf5+ 32. Qxf5 Bxf5+
0-1

[Event "ÕÕÕII Nezhmetdinov Memorial"]
[Site "?"]
[Date "2010.06.06"]
[Round "7.45"]
[White "Pavlov, Viktor"]
[Black "Lev, Nikolay"]
[Result "1-0"]
[WhiteElo "2033"]
[BlackElo "1735"]
[PlyCount "91"]
[EventDate "2010.06.01"]
[SourceDate "2010.06.07"]

1. e4 c5 2. Nf3 Nc6 3. d4 cxd4 4. Nxd4 e5 5. Nb5 d6 6. N1c3 a6 7. Na3 Be6 8.
Be2 Nf6 9. Bg5 b5 10. Bxf6 Qxf6 11. Nd5 Bxd5 12. Qxd5 Rc8 13. c3 Be7 14. Nxb5
O-O 15. Na3 Nb8 16. O-O Rc5 17. Qd3 Rd8 18. c4 Rc7 19. Nc2 Nc6 20. b3 Qe6 21.
Rad1 g6 22. Qd5 Bf8 23. h3 a5 24. Bg4 Qe8 25. a3 Ra7 26. h4 Ne7 27. Qd3 Nc6 28.
h5 Ne7 29. Ne3 Nc6 30. hxg6 hxg6 31. Nc2 Raa8 32. g3 Qe7 33. Qd5 Qc7 34. Kg2
Rab8 35. Qd3 Qb6 36. Rb1 Qa7 37. Rh1 Qe7 38. b4 axb4 39. axb4 Qg5 40. Be2 Rb6
41. b5 Na5 42. Ne3 Nb7 43. Nd5 Nc5 44. Qf3 Nd7 45. Nxb6 Nxb6 46. Ra1 1-0

[Event "ÕÕÕII Nezhmetdinov Memorial"]
[Site "?"]
[Date "2010.06.06"]
[Round "7.46"]
[White "Borisov, Artur"]
[Black "Gabaidulina, Olga"]
[Result "0-1"]
[WhiteElo "1996"]
[BlackElo "1857"]
[PlyCount "32"]
[EventDate "2010.06.01"]
[SourceDate "2010.06.07"]

1. e4 e5 2. Nf3 Nc6 3. Bb5 a6 4. Ba4 Nf6 5. O-O Be7 6. Re1 b5 7. Bb3 O-O 8. c3
d6 9. h3 Na5 10. Bc2 c5 11. d4 Qc7 12. Nbd2 cxd4 13. cxd4 Nc6 14. Nf1 exd4 15.
Nxd4 Nxd4 16. Bd3 Ne6 0-1

[Event "ÕÕÕII Nezhmetdinov Memorial"]
[Site "?"]
[Date "2010.06.07"]
[Round "8.1"]
[White "Sharafiev, Azat"]
[Black "Zakhartsov, Viacheslav V."]
[Result "1/2-1/2"]
[WhiteElo "2447"]
[BlackElo "2586"]
[PlyCount "39"]
[EventDate "2010.06.01"]
[SourceDate "2010.06.07"]

1. e4 c5 2. Nf3 e6 3. d4 cxd4 4. Nxd4 Nc6 5. Nc3 Qc7 6. g3 a6 7. Bg2 d6 8. O-O
Bd7 9. a4 Nf6 10. Nxc6 Bxc6 11. a5 Be7 12. Be3 O-O 13. Bb6 Qc8 14. Qe2 Nd7 15.
Bd4 Qc7 16. Rfd1 Rac8 17. b3 Bf6 18. Qd2 Rfd8 19. Ne2 d5 20. exd5 1/2-1/2

[Event "ÕÕÕII Nezhmetdinov Memorial"]
[Site "?"]
[Date "2010.06.07"]
[Round "8.6"]
[White "Isajevsky, Anton"]
[Black "Galliamova, Alisa"]
[Result "0-1"]
[WhiteElo "2424"]
[BlackElo "2487"]
[PlyCount "36"]
[EventDate "2010.06.01"]
[SourceDate "2010.06.07"]

1. Nf3 Nf6 2. c4 b6 3. g3 Bb7 4. Bg2 c5 5. O-O g6 6. d4 cxd4 7. Qxd4 Bg7 8. Nc3
Nc6 9. Qf4 Na5 10. Rb1 Nh5 11. Qh4 Rc8 12. g4 Rxc4 13. b3 Rxc3 14. gxh5 Rc5 15.
h6 Bf6 16. Qg4 O-O 17. b4 Rc4 18. Qh3 Be4 0-1

[Event "ÕÕÕII Nezhmetdinov Memorial"]
[Site "?"]
[Date "2010.06.07"]
[Round "8.19"]
[White "Mokshanov, Alexey"]
[Black "Dogodkina, Julia"]
[Result "1-0"]
[WhiteElo "2227"]
[BlackElo "2066"]
[PlyCount "43"]
[EventDate "2010.06.01"]
[SourceDate "2010.06.07"]

1. e4 e6 2. d4 d5 3. e5 c5 4. c3 Qb6 5. Nf3 Bd7 6. Bd3 Bb5 7. dxc5 Bxc5 8. b4
Be7 9. Be3 Qa6 10. Bxb5+ Qxb5 11. a4 Qc6 12. O-O Nd7 13. Na3 Nh6 14. Bxh6 gxh6
15. Nd4 Qc7 16. Nab5 Qb8 17. Qh5 Qxe5 18. Qxe5 Nxe5 19. Rfe1 Bf6 20. Nc7+ Kd7
21. Nxa8 Rxa8 22. a5 1-0